LEADER 01330nam 2200349Ia 450 001 996397125503316 005 20200824132431.0 035 $a(CKB)4940000000058690 035 $a(EEBO)2240850600 035 $a(OCoLC)ocm13056802e 035 $a(OCoLC)13056802 035 $a(EXLCZ)994940000000058690 100 $a19860124d1642 uy | 101 0 $aeng 135 $aurbn||||a|bb| 200 10$aVox populi, or, The peoples humble discovery of their own loyaltie and His Maiesties ungrounded iealousie$b[electronic resource] 210 $aLondon $c[s.n.]$d1642 215 $a[2], 5 p 300 $aAttributed to William Prynne. See E. W. Kirby, William Prynne, p. 61n and 195. This was also published with Prynne's Sovereign antidote, 1642. 300 $aReproduction of original in Thomason Collection, British Library. 330 $aeebo-0158 607 $aGreat Britain$xHistory$yCivil War, 1642-1649$vSources 607 $aGreat Britain$xPolitics and government$y1642-1649$vSources 700 $aPrynne$b William$f1600-1669.$0198500 801 0$bEAA 801 1$bEAA 801 2$bm/c 801 2$bWaOLN 906 $aBOOK 912 $a996397125503316 996 $aVox populi: or The peoples humble discovery, of their own loyaltie, and His Maiesties ungrounded iealousie$92373698 997 $aUNISA LEADER 00837nam a2200229 i 4500 001 991004332236707536 005 20240704130541.0 008 170619s1913 it e 000 0 ita c 040 $aBibl. Interfacoltà T. Pellegrino$bita$cSocioculturale Scs 041 1 $aita$hpol 082 04$a891.8536$222 100 1 $aSienkiewicz, Henryk$0440643 245 00$aSeguiamolo ! ed altri racconti /$cEnrico Sienkiewicz 260 $aFirenze :$bSalani,$c1913 300 $a230 p. :$bill. ;$c19 cm 505 0 $aContiene: Seguiamolo ! ; Bartek il vincitore ; Le memorie di un istitutore ; L'accenditore del faro ; L'angelo : (bozzetto villereccio) 740 22$aL'angelo 740 02$aBartek il vincitore 740 32$aLe memorie di un istitutore 912 $a991004332236707536 996 $aSeguiamolo ! ed altri racconti$94170052 997 $aUNISALENTO